00560 2200205 4500001002100000005001500021035002000036007000300056008004100059020001500100082001100115084001700126100002100143245007000164250001100234260003800245300004300283700001800326990001000344INLIS00000000001230520220628032239 a0010-0622000815ta220628 g 0 ind  a9794893439 a636.59 a636.59 BAM b0 aBAMBANG, Suharno1 aBeternak itik secra intensif /cIr. Bambang Suharno, Khairul Amri acet.15 aJakarta :bPenebar Swadaya,c2007 avi, 106 hlm :bilus. ;c20,5 x 14,5 cm0 aKHAIRUL, Amri a10216